| 000 | 00459nam a2200193Ia 4500 | ||
|---|---|---|---|
| 008 | 170918s9999 xx 000 0 und d | ||
| 020 | _a9780590448505 | ||
| 050 | _bM468 1973 | ||
| 100 | _aMayer, Mercer | ||
| 245 | _aWhat do you do with a kangaroo? / | ||
| 245 | _cMercer Mayer. | ||
| 260 | _aNew York : | ||
| 260 | _bScholastic, | ||
| 260 | _c1973 | ||
| 300 | _aunpaged : | ||
| 300 | _bcolored illustration ; | ||
| 300 | _c23cm. | ||
| 500 | _a710 | ||
| 999 |
_c342418 _d342418 |
||